Українська Церква: шлях до автокефалії (Запис № 410411)

МАРК-запис
000 -LEADER
fixed length control field 00952nam a22002537a 4500
001 - CONTROL NUMBER
control field 136790
003 - CONTROL NUMBER IDENTIFIER
control field UA-OsUOA
005 - DATE AND TIME OF LATEST TRANSACTION
control field 20201127190906.0
007 - PHYSICAL DESCRIPTION FIXED FIELD--GENERAL INFORMATION
fixed length control field ta
008 - FIXED-LENGTH DATA ELEMENTS--GENERAL INFORMATION
fixed length control field 20190408b un ||||| |||| 00| 0 ukr d
020 ## - INTERNATIONAL STANDARD BOOK NUMBER
International Standard Book Number 978-966-378-639-1
040 ## - CATALOGING SOURCE
Original cataloging agency UA-OsUOA
Language of cataloging ukr
Transcribing agency UA-OsUOA
Modifying agency UA-OsUOA
041 ## - LANGUAGE CODE
Language code of text/sound track or separate title ukr
080 ## - UNIVERSAL DECIMAL CLASSIFICATION NUMBER
Universal Decimal Classification number 281.96(477)(091)
090 ## - LOCALLY ASSIGNED LC-TYPE CALL NUMBER (OCLC); LOCAL CALL NUMBER (OCLC)
Classification number (OCLC) (R) ; Classification number, CALL (RLIN) (NR) 281.96(477)(091)
Local cutter number (OCLC) ; Book number/undivided call number, CALL (RLIN) Д72
100 ## - MAIN ENTRY--PERSONAL NAME
Personal name Драбинко О.
245 ## - TITLE STATEMENT
Title Українська Церква: шлях до автокефалії
Remainder of title до дискусій навколо канонічного статусу, богослужбової мови та історії Української Церкви
260 ## - PUBLICATION, DISTRIBUTION, ETC. (IMPRINT)
Place of publication, distribution, etc К.
Name of publisher, distributor, etc Дух і Літера
Date of publication, distribution, etc 2018
300 ## - PHYSICAL DESCRIPTION
Extent 684 с.
650 #7 - SUBJECT ADDED ENTRY--TOPICAL TERM
Topical term or geographic name as entry element 281.9 Східна православна церква і скопці
Source of heading or term UDC
942 ## - ADDED ENTRY ELEMENTS (KOHA)
Koha item type Книги
Source of classification or shelving scheme Universal Decimal Classification
955 ## - COPY-LEVEL INFORMATION (RLIN)
Classification number, CCAL (RLIN) Навчальні видання
Фонди
Withdrawn status Lost status Source of classification or shelving scheme Damaged status Not for loan Home library Current library Date acquired Source of acquisition Cost, normal purchase price Inventory number Total Checkouts Full call number Barcode Date last seen Price effective from Koha item type
    Universal Decimal Classification     ЧЗ - Читальна зала ЧЗ - Читальна зала 08/04/2019 23/2019 300.00 161446   281.96(477)(091) Д72 161446 07/02/2022 08/04/2019 Книги
    Universal Decimal Classification     ЧЗ - Читальна зала ЧЗ - Читальна зала 14/06/2019 31/2019 10.00 161605   281.96(477)(091) Д72 161605 07/02/2022 14/06/2019 Книги